| 000 | 00370nam a22001457a 4500 | ||
|---|---|---|---|
| 008 | 210305b ||||| |||| 00| 0 eng d | ||
| 020 | _a0397543956 | ||
| 041 | _aeng | ||
| 080 |
_22nd _a616.073 |
||
| 082 | _a616.073 | ||
| 100 | _a6 | ||
| 101 | _aRAD | ||
| 245 |
_aBasic medical techniques and patient care for radiologic technologists _cTorres, L.S |
||
| 942 |
_2udc _cBK |
||
| 999 |
_c55865 _d55865 |
||